000 00354 a2200157 4500
001 62069
020 _a0764900099
040 _cAnchieta - Pituba
100 _aWhitfield, Peter
240 1 0 _aThe charting of the oceans
_leng
245 1 0 _aThe charting of the oceans
300 _a136
362 0 _a1996
650 4 _aGeografia e viagens
942 _cBK
999 _c62069
_d62069